Industrial change in Africa : (Record no. 5308)

MARC details
000 -LEADER
fixed length control field 00728cam a22002172 4500
001 - CONTROL NUMBER
control field 0000001548
005 - DATE AND TIME OF LATEST TRANSACTION
control field 20151217151820.0
008 - FIXED-LENGTH DATA ELEMENTS--GENERAL INFORMATION
fixed length control field 070315s xx 000 0 eng d
020 ## - INTERNATIONAL STANDARD BOOK NUMBER
International Standard Book Number 0333971272 :
Terms of availability KES 9,340
040 ## - CATALOGING SOURCE
Original cataloging agency KABU
Transcribing agency KABU
050 #0 - LIBRARY OF CONGRESS CALL NUMBER
Classification number HC910
Item number .I53
245 10 - TITLE STATEMENT
Title Industrial change in Africa :
Remainder of title Zimbabwean firms under structural adjustment /
Statement of responsibility, etc. edited by Jan Willen Gunning, and Remco Oostendorp.
260 ## - PUBLICATION, DISTRIBUTION, ETC. (IMPRINT)
Place of publication, distribution, etc. New York :
Name of publisher, distributor, etc. Palgrave,
Date of publication, distribution, etc. 2002.
300 ## - PHYSICAL DESCRIPTION
Extent xvi, 304 p.
651 #0 - SUBJECT ADDED ENTRY--GEOGRAPHIC NAME
Geographic name Zimbabwe
General subdivision Economic conditions.
-- 0000150380
700 1# - ADDED ENTRY--PERSONAL NAME
Personal name Gunning, Jan Willen.
-- 0000150381
700 1# - ADDED ENTRY--PERSONAL NAME
Personal name Oostendorp, Remco.
-- 0000150382
908 ## - PUT COMMAND PARAMETER (RLIN)
Put command parameter 070315
950 ## - LOCAL HOLDINGS (RLIN)
-- 1
Holdings
Withdrawn status Lost status Source of classification or shelving scheme Not for loan Home library Current library Date acquired Total Checkouts Full call number Barcode Date last seen Price effective from Koha item type
    Library of Congress Classification   Kabarak, Main Campus Kabarak, Main Campus 17/12/2015   HC910 .I53 001361 02/08/2024 17/12/2015 General Collection
Designed with assistance from East African Informatics Ltd